000 00571nam a22001817a 4500
005 20250416145708.0
008 250410b |||||||| |||| 00| 0 eng d
020 _a9781035339006
041 _aeng
082 _a658.4 HEN
100 _a Henry, Colette
245 _aWomens Entrepreneurship Policy: A Global Perspective
260 _aUK
_bEdward Elgar Publishing Ltd
_c2024
300 _a245;. pages 24 cm
650 _aEntrepreneurship; Government Policy; Women Owned Business Enterprises; Businesswomen
700 _aColeman, Susan; Lewis, Kate V.
942 _cBK
999 _c43612
_d43612